| 000 | 008120000a22002050004500 | ||
|---|---|---|---|
| 020 | _a0-89922-178-5 | ||
| 041 | 0 | _aSPA | |
| 082 | 0 | 4 | _aG 179 L563p |
| 100 | 1 | _aLeón, Jorge A. | |
| 245 | 1 | 0 | _aProblemática sicológica de los solteros / Jorge A. León |
| 260 | _aMiami, FL., USA : Caribe | ||
| 300 | _a141 Pag. | ||
| 505 | 0 | 0 | _auna encuesta sobre la vida íntima de los cristianos solteros -- las carencias afectivas familiares como impedimento del matrimonio -- el fracaso de los matrimonios de los padres como causa de soltería -- le educación sexual deficiente como causa de la soltería -- conclusiones y reflexiones |
| 650 | 1 | 4 | _aPERSONAS SOLTERAS |
| 001 | 1359 | ||
| 942 | _cBK | ||
| 999 |
_c32682 _d32682 |
||
| 336 |
_atexto _btxt _2rdacontent |
||
| 337 |
_2rdamedia _asin mediación _bn |
||
| 338 |
_2rdacarrier _avolumen _bnc |
||